| 000 | 00427nam a2200157Ia 4500 | ||
|---|---|---|---|
| 008 | 210716s2010 xx 000 0 und d | ||
| 020 | _a9788132105701 | ||
| 041 | _aeng | ||
| 082 | _a658.404 AVID | ||
| 100 | _aAvison, David; Torkzadeh, Gholamreza. | ||
| 245 | _aInformation systems project management. | ||
| 250 | _a1 | ||
| 260 |
_aNew Delhi _bSage Publications _c2010 |
||
| 300 | _axvi,480 | ||
| 650 | _aProject Management | ||
| 999 |
_c207867 _d207867 |
||